Grammar practice for elementary students : with answers /

Nouns and adjectives; Verbs; Prepositions; Gerunds and infinitives...

Gespeichert in:
Bibliographische Detailangaben
1. Verfasser: Walker, Elaine.
Körperschaft: Ban biên dịch First News.
Weitere Verfasser: Elsworth, Steve., Nguyễn Văn Phước (chú giải.)
Format: Buch
Sprache:English
Veröffentlicht: Tp.HCM : Nxb Trẻ, 2003.
Schlagworte:
Tags: Tag hinzufügen
Keine Tags, Fügen Sie den ersten Tag hinzu!
Thư viện lưu trữ: Mạng thư viện Đại học Đà Nẵng
LEADER 01328nam a22003611a 4500
001 000034561
003 10763
005 20201106093923.0
008 151027s2003 000 eng
020 |a 0582417066 :  |c 17000 
040 |a lnn  |c lnn  |d lnn 
041 0 |a eng 
082 1 4 |a 425  |b WA-E 
100 1 |a Walker, Elaine. 
245 1 0 |a Grammar practice for elementary students :  |b with answers /  |c Elaine Walker, Steve Elsworth ; Chú giải: Nguyễn Văn Phước, ban biên dịch First News. 
260 |a Tp.HCM :  |b Nxb Trẻ,  |c 2003. 
300 |a 175 p. ;  |c 20,5 cm. 
520 3 |a Nouns and adjectives; Verbs; Prepositions; Gerunds and infinitives... 
630 0 4 |a English language. 
630 0 4 |a Grammar. 
650 0 4 |a English language  |x Grammar. 
700 1 |a Elsworth, Steve. 
700 1 |a Nguyễn Văn Phước,  |e chú giải. 
710 2 |a Ban biên dịch First News. 
OWN |a LNN 
902 |a TKA 
AVA |a UDN50  |b LNN  |c English  |d 425 WA-E  |e available  |t Error 5001 Not defined in file expand_doc_bib_avail.  |f 5  |g 0  |h N  |i 0  |j AN 
999 |a From the UDN01 
AVA |a UDN50  |b LNN  |c English  |d 425 WA-E  |e available  |t Error 5001 Not defined in file expand_doc_bib_avail.  |f 5  |g 0  |h N  |i 0  |j AN 
TYP |a Monograph 
980 |a Mạng thư viện Đại học Đà Nẵng